000 00924nam a22003017a 4500
003 CHAP
005 20220329133335.0
008 971013s1986 r 00010 d
010 _a5147
011 _a6119
035 _a5337
040 _cCHAP
082 _a634.955
_bC45
110 _aCentro de Genética Forestal, A. C. Chapingo, Méx.
_921101
245 _aAsamblea general ordinaria anual de asociados (1Œ)
260 _aChapingo, Méx. :
_bEl Centro,
_c1986
300 _av.
500 _a56-92
500 _aLa biblioteca tiene: 1986
590 _aBATCH-UPD
_b10
_c20130110
_lUCH01
_h0923
590 _aBATCH-UPD
_b10
_c20130410
_lUCH01
_h0544
590 _aBATCH-UPD
_b10
_c20130914
_lUCH01
_h1536
590 _aCONVERSION
_b10
_c20130109
_lUCH01
_h1304
650 1 4 _aGenética forestal.
_947489
901 _aBK
942 _cLIBRO
949 _a634.955 C45
_bBC
_cLIBRO
_d33724000235933
_eLIBRO
_f1986
_h80215
_i5337
_si
999 _c5147
_d5147